Microturbines / (Record no. 13357)
[ view plain ]
| 000 -LEADER | |
|---|---|
| fixed length control field | 01132cam a2200289 a 4500 |
| 001 - CONTROL NUMBER | |
| control field | 14924313 |
| 005 - DATE AND TIME OF LATEST TRANSACTION | |
| control field | 20161207103326.0 |
| 008 - FIXED-LENGTH DATA ELEMENTS--GENERAL INFORMATION | |
| fixed length control field | 070711s2007 ne a |rb 001 0 eng |
| 010 ## - LIBRARY OF CONGRESS CONTROL NUMBER | |
| LC control number | 2007028803 |
| 020 ## - INTERNATIONAL STANDARD BOOK NUMBER | |
| International Standard Book Number | 9780750684699 |
| 020 ## - INTERNATIONAL STANDARD BOOK NUMBER | |
| International Standard Book Number | 0750684690 |
| 035 ## - SYSTEM CONTROL NUMBER | |
| System control number | (OCoLC)ocn155715265 |
| 035 ## - SYSTEM CONTROL NUMBER | |
| System control number | (OCoLC)155715265 |
| 040 ## - CATALOGING SOURCE | |
| Original cataloging agency | DLC |
| Transcribing agency | DLC |
| Modifying agency | C#P |
| -- | BAKER |
| -- | YDXCP |
| -- | DLC |
| 050 00 - LIBRARY OF CONGRESS CALL NUMBER | |
| Classification number | TK1076 |
| Item number | .S63 2007 |
| 082 00 - DEWEY DECIMAL CLASSIFICATION NUMBER | |
| Classification number | 621.3121 |
| Edition number | 22 |
| Item number | SOA |
| 100 1# - MAIN ENTRY--PERSONAL NAME | |
| 9 (RLIN) | 11256 |
| Personal name | Soares, Claire |
| 245 10 - TITLE STATEMENT | |
| Title | Microturbines / |
| Statement of responsibility, etc | Written and edited by Claire Soares. |
| 260 ## - PUBLICATION, DISTRIBUTION, ETC. (IMPRINT) | |
| Place of publication, distribution, etc | Amsterdam ; |
| -- | Boston : |
| Name of publisher, distributor, etc | Elsevier/Butterworth-Heinemann, 2007 |
| Date of publication, distribution, etc | c2007. |
| 300 ## - PHYSICAL DESCRIPTION | |
| Extent | xxix, 271 p. : |
| Other physical details | ill. ; |
| Dimensions | 27 cm. |
| 504 ## - BIBLIOGRAPHY, ETC. NOTE | |
| Bibliography, etc | Includes bibliography:p.255-258 and index. |
| 650 #0 - SUBJECT ADDED ENTRY--TOPICAL TERM | |
| Topical term or geographic name as entry element | Gas-turbine power-plants. |
| 9 (RLIN) | 11257 |
| 856 42 - ELECTRONIC LOCATION AND ACCESS | |
| Materials specified | Publisher description |
| Uniform Resource Identifier | <a href="http://www.loc.gov/catdir/enhancements/fy0742/2007028803-d.html">http://www.loc.gov/catdir/enhancements/fy0742/2007028803-d.html</a> |
| 856 41 - ELECTRONIC LOCATION AND ACCESS | |
| Materials specified | Table of contents |
| Uniform Resource Identifier | <a href="http://www.loc.gov/catdir/toc/fy0801/2007028803.html">http://www.loc.gov/catdir/toc/fy0801/2007028803.html</a> |
| 942 ## - ADDED ENTRY ELEMENTS (KOHA) | |
| Source of classification or shelving scheme | Dewey Decimal Classification |
| Item type | Book - Borrowing |
| Withdrawn status | Item status | Source of classification or shelving scheme | Damaged status | Not for loan | Vendor | Home library | Current library | Shelving location | Date acquired | Source of acquisition | Cost, normal purchase price | Serial Enumeration / chronology | Total Checkouts | Full call number | Barcode | Date last seen | Koha item type |
|---|---|---|---|---|---|---|---|---|---|---|---|---|---|---|---|---|---|
| Dewey Decimal Classification | Alahram | Central Library | Central Library | First floor | 11/02/2010 | 540.00 | 35 | 621.3121SOA | 000019163 | 15/07/2025 | Book - Borrowing |